<?xml version="1.0" encoding="UTF-8"?>
<record
    xmlns:xsi="http://www.w3.org/2001/XMLSchema-instance"
    xsi:schemaLocation="http://www.loc.gov/MARC21/slim http://www.loc.gov/standards/marcxml/schema/MARC21slim.xsd"
    xmlns="http://www.loc.gov/MARC21/slim">

  <leader>00635nam a2200169   4500</leader>
  <datafield tag="999" ind1=" " ind2=" ">
    <subfield code="c">3230</subfield>
    <subfield code="d">3230</subfield>
  </datafield>
  <controlfield tag="001">3960</controlfield>
  <controlfield tag="005">20190920115007.0</controlfield>
  <controlfield tag="008">190920b           ||||| |||| 00| 0 eng d</controlfield>
  <datafield tag="090" ind1="0" ind2="0">
    <subfield code="a">495.48 D999t 1990</subfield>
  </datafield>
  <datafield tag="100" ind1="0" ind2="0">
    <subfield code="a">Dzongkhag Development Commission.</subfield>
  </datafield>
  <datafield tag="245" ind1="0" ind2="0">
    <subfield code="a">&#xF5A;&#xF72;&#xF42;&#xF0B;&#xF51;&#xF7C;&#xF53;&#xF0B;&#xF40;&#xF74;&#xF53;&#xF0B;&#xF42;&#xF66;&#xF63;&#xF0B;&#xF58;&#xF7A;&#xF0B;&#xF63;&#xF7C;&#xF44;&#xF0B;&#xF0D;</subfield>
    <subfield code="c">Dzongkhag Development Commission, Royal Government of Bhutan.</subfield>
  </datafield>
  <datafield tag="260" ind1="0" ind2="0">
    <subfield code="a">Thimphu :</subfield>
    <subfield code="b">Dzongkha Development Commission,</subfield>
    <subfield code="c">1990.</subfield>
  </datafield>
  <datafield tag="300" ind1="0" ind2="0">
    <subfield code="a">133 p. ; 22 cm.</subfield>
  </datafield>
  <datafield tag="650" ind1="0" ind2="0">
    <subfield code="a">Dzongkha language --Glossaries, vocabularies, etc.</subfield>
  </datafield>
  <datafield tag="650" ind1="0" ind2="0">
    <subfield code="a">Dzongkha language --Pronunciation.</subfield>
  </datafield>
  <datafield tag="942" ind1=" " ind2=" ">
    <subfield code="2">ddc</subfield>
    <subfield code="c">DZONGKHA</subfield>
  </datafield>
  <datafield tag="952" ind1=" " ind2=" ">
    <subfield code="0">0</subfield>
    <subfield code="1">0</subfield>
    <subfield code="2">ddc</subfield>
    <subfield code="4">0</subfield>
    <subfield code="7">0</subfield>
    <subfield code="8">DZONGKHA</subfield>
    <subfield code="a">RTCLIB</subfield>
    <subfield code="b">RTCLIB</subfield>
    <subfield code="c">DZONGKHA</subfield>
    <subfield code="d">2021-11-03</subfield>
    <subfield code="h"> </subfield>
    <subfield code="i">6661</subfield>
    <subfield code="l">1</subfield>
    <subfield code="o">495.48  DZO</subfield>
    <subfield code="p">30006388</subfield>
    <subfield code="r">2021-11-18 00:00:00</subfield>
    <subfield code="s">2021-11-03</subfield>
    <subfield code="w">2018-11-27</subfield>
    <subfield code="y">DZONGKHA</subfield>
  </datafield>
</record>
